[Event "Ch Schleswig Holstein (VM)"]
[Site "Buesum (Germany)"]
[Round "7"]
[White "Kakoschke Dieter (GER)"]
[Black "Bernhardt Gerd (GER)"]
[Result "1-0"]
[WhiteElo "2026"]
[BlackElo "2033"]

1.e4 e6 2.d4 d5 3.Nd2 Nf6 4.e5 Nfd7 5.Bd3 c5 6.c3 Nc6 7.Ne2 cxd4 8.cxd4 Be7
9.O-O Nb4 10.Bb1 Nb6 11.Nf4 g6 12.Re1 Bd7 13.Nb3 Rc8 14.a3 Nc6 15.Nd3 Nc4
16.Nbc5 Nxd4 17.b3 Nb6 18.Nxb7 Qc7 19.Nd6+ Bxd6 20.exd6 Qd8 21.Bb2 Qf6 22.Qg4
O-O 23.Qxd4 {#r} 1-0

[Event "Ch City (b)"]
[Site "Zhukovsky (Russia)"]
[Round "2"]
[White "Ershov Aleksey (RUS)"]
[Black "Shebchenko Vladimir (RUS)"]
[Result "1-0"]
[WhiteElo "1779"]
[BlackElo "1931"]

1.e4 e6 2.d4 d5 3.Nd2 Nf6 4.e5 Nfd7 5.Bd3 c5 6.c3 Nc6 7.Ne2 cxd4 8.cxd4 Be7
9.O-O Nf8 10.f4 Bd7 11.f5 Qb6 12.Nb3 Nxe5 13.fxe6 Bxe6 14.Kh1 Nxd3 15.Qxd3 Ng6
16.Nf4 Nxf4 17.Bxf4 Rc8 18.Qg3 g5 19.Be5 Rg8 20.Bf6 Rg6 21.Bxe7 Kxe7 22.Rae1
Qd6 23.Rxf7+ {#r} 1-0

[Event "Czech League 2009/10 (2nd) (d)"]
[Site "Czech Republic"]
[Date "2010.04.18"]
[Round "11"]
[White "Bilek Roman (CZE)"]
[Black "Hunacek Jaroslav"]
[Result "1-0"]
[WhiteElo "1976"]
[BlackElo "1837"]

1.e4 e6 2.d4 d5 3.Nd2 Nf6 4.e5 Nfd7 5.Bd3 c5 6.c3 Nc6 7.Ne2 cxd4 8.cxd4 f6
9.exf6 Nxf6 10.O-O Bd6 11.Nf3 O-O 12.Nc3 Qe8 13.Re1 Qh5 14.h3 e5 15.dxe5 Nxe5
16.Nxe5 Bxe5 17.Qxh5 {#r} 1-0

[Event "Czech League 2009/10 (1st) (juniors)"]
[Site "Czech Republic"]
[Date "2010.04.24"]
[Round "9"]
[White "Petr Jan (CZE)"]
[Black "Sedlar Vit"]
[Result "1-0"]
[WhiteElo "1843"]
[BlackElo "1880"]

1.e4 e6 2.d4 d5 3.Nd2 Nf6 4.e5 Nfd7 5.Bd3 c5 6.c3 Nc6 7.Ne2 Qb6 8.Nf3 cxd4
9.cxd4 f6 10.Nf4 Nxd4 11.Nxd4 fxe5 12.Qh5+ Ke7 13.Qg5+ Ke8 14.Bg6+ hxg6
15.Qxg6+ Ke7 16.Nf5+ {#r} 1-0

[Event "It (open)"]
[Site "Bhubaneswar (India)"]
[Date "2010.05.27"]
[Round "8"]
[White "Vokarev Sergey (RUS)"]
[Black "Rathnakaran K (IND)"]
[Result "0-1"]
[WhiteElo "2469"]
[BlackElo "2392"]

1.e4 e6 2.d4 d5 3.Nd2 Nf6 4.e5 Nfd7 5.c3 c5 6.Bd3 Nc6 7.Ne2 cxd4 8.cxd4 f6
9.exf6 Nxf6 10.O-O Bd6 11.Nf3 Qc7 12.Bg5 O-O 13.Nc3 a6 14.Bh4 Nh5 15.Re1 g6
16.Bg5 Nxd4 17.Nxd4 Bxh2+ 18.Kh1 Rxf2 19.Nxd5 Qg3 20.Ne3 Qh3 21.Bf4 Rxg2
22.Bf5 gxf5 23.Nxg2 Bg3+ 24.Kg1 Nxf4 {#R} 0-1

[Event "Ch Germany (juniors) (Internet) (under 14) (qual4)"]
[Site "Internet"]
[Date "2010.06.14"]
[Round "3"]
[White "Vonhoff Nils (GER)"]
[Black "Huckebrink Chris (GER)"]
[Result "1-0"]
[WhiteElo "1766"]
[BlackElo "1778"]

1.e4 e6 2.d4 d5 3.Nd2 Nf6 4.e5 Nfd7 5.Bd3 c5 6.c3 Nc6 7.Ne2 cxd4 8.cxd4 f6
9.f4 fxe5 10.dxe5 Bc5 11.Nf3 Bb6 12.Ng5 Nf8 13.Qc2 Nb4 14.Qa4+ Nc6 15.Qc2 h6
16.Bg6+ Kd7 17.Nf7 Qe7 18.Nxh8 Nb4 19.Qa4+ Kc7 20.Bd2 a5 21.Bxb4 axb4 22.Qxa8
Nxg6 23.Nxg6 Bd7 24.Nxe7 {#r} 1-0

[Event "It (open)"]
[Site "Wroclaw (Poland)"]
[Date "2010.07.01"]
[Round "8"]
[White "Chrzaszcz Malvina (POL)"]
[Black "Limontaite Simona (LTU)"]
[Result "1-0"]
[WhiteElo "2041"]
[BlackElo "2187"]

1.e4 e6 2.d4 d5 3.Nd2 Nf6 4.e5 Nfd7 5.Bd3 c5 6.c3 Nc6 7.Ne2 cxd4 8.cxd4 f6
9.exf6 Nxf6 10.Nf3 Qc7 11.O-O Bd6 12.Bg5 O-O 13.Qc2 Rf7 14.a3 Bd7 15.Bh4 h6
16.Bg3 Ng4 17.Bh7+ Kh8 18.Bg6 Rxf3 19.gxf3 Nxh2 20.Kxh2 {#r} 1-0

[Event "It (open)"]
[Site "Kowalewo Pomorskie (Poland) "]
[Date "2010.07.09"]
[Round "8"]
[White "Zurkowski Andrzej (POL)"]
[Black "Banasik Krzysztof (POL)"]
[Result "0-1"]
[WhiteElo "2120"]
[BlackElo "2255"]

1.e4 e6 2.d4 d5 3.Nd2 Nf6 4.e5 Nfd7 5.Bd3 c5 6.c3 Nc6 7.Ne2 cxd4 8.cxd4 f6
9.exf6 Nxf6 10.O-O Bd6 11.a3 O-O 12.b4 e5 13.dxe5 Bxe5 14.Ra2 Bxh2+ 15.Kxh2
Ng4+ 16.Kg3 Qg5 17.Nf3 Rxf3+ 18.Kxf3 Nh2# 0-1

[Event "It \"]
[Site "Hamburg (Germany)"]
[Date "2010.07.11"]
[Round "2"]
[White "Zieher Hartmut (GER)"]
[Black "Keuchen Michael (GER)"]
[Result "1-0"]
[WhiteElo "2257"]
[BlackElo "2107"]

1.e4 e6 2.d4 d5 3.Nd2 Nf6 4.e5 Nfd7 5.c3 c5 6.Bd3 Nc6 7.Ne2 Qb6 8.Nf3 cxd4
9.cxd4 Bb4+ 10.Kf1 Be7 11.a3 a5 12.Be3 f5 13.h4 Nd8 14.Qd2 Nf7 15.Rc1 Nb8 {#r}
1-0

[Event "It (open)"]
[Site "Bergamo (Italy)"]
[Date "2010.07.18"]
[Round "6"]
[White "Licina Zoran (CRO)"]
[Black "De-Palma Fabrizio (ITA)"]
[Result "1-0"]
[WhiteElo "2282"]
[BlackElo "2061"]

1.e4 e6 2.d4 d5 3.Nd2 Nf6 4.e5 Nfd7 5.Bd3 c5 6.c3 Nc6 7.Ne2 cxd4 8.cxd4 f6
9.exf6 Nxf6 10.Nf3 Bd6 11.O-O Qc7 12.Bg5 O-O 13.Rc1 Qb6 14.Nc3 Bd7 15.Na4 Qc7
16.Re1 Rae8 17.Ne5 {#r} 1-0

[Event "Ch World (schools)"]
[Site "Kayseri (Turkey)"]
[Date "2010.07.23"]
[Round "3"]
[White "Patel Yesim (TUR)"]
[Black "Owezdurdiyeva Jemal (TKM)"]
[Result "0-1"]
[WhiteElo "1820"]
[BlackElo "1863"]

1.e4 e6 2.d4 d5 3.Nd2 Nf6 4.e5 Nfd7 5.Bd3 c5 6.c3 Nc6 7.Ne2 cxd4 8.cxd4 Be7
9.O-O f6 10.exf6 Bxf6 11.Nf3 O-O 12.Nf4 Nb6 13.Re1 Qd6 14.Bb5 e5 15.Bxc6 exf4
16.Bb5 Qb4 17.a4 Bg4 18.b3 Bxf3 19.Qxf3 Qxe1+ 20.Bf1 Bxd4 21.Bb2 Qd2 22.Bxd4
Qxd4 23.Rd1 Qe4 {#R} 0-1

[Event "Ch Spain (juniors) (under 18)"]
[Site "Linares (Spain)"]
[Date "2010.07.28"]
[Round "4"]
[White "De Nacimiento Montano Angel (ESP)"]
[Black "Shatko Danil (ESP)"]
[Result "1-0"]
[WhiteElo "2166"]
[BlackElo "2035"]

1.e4 e6 2.d4 d5 3.Nd2 Nf6 4.e5 Nfd7 5.Bd3 c5 6.c3 Nc6 7.Ne2 cxd4 8.cxd4 f6
9.exf6 Nxf6 10.Nf3 Bd6 11.O-O Qc7 12.Bg5 O-O 13.Qc2 g6 14.Bh6 Rf7 15.Bxg6 hxg6
16.Qxg6+ Kh8 17.Ng5 Nd8 18.Rac1 Qe7 19.Rc3 Rg7 20.Qc2 Bd7 21.Bxg7+ Qxg7 22.f4
Nf7 23.Rh3+ Nh6 24.Rxh6+ {#r} 1-0

[Event "Tournament"]
[Site "Sielpia (Poland)"]
[Round "3"]
[White "Wojcieszyn Zdzislaw (POL)"]
[Black "Lapaj Mateusz (POL)"]
[Result "0-1"]
[WhiteElo "2010"]
[BlackElo "1998"]

1.e4 e6 2.d4 d5 3.Nd2 Nf6 4.e5 Nfd7 5.c3 c5 6.Bd3 Nc6 7.Ne2 cxd4 8.cxd4 f6
9.exf6 Nxf6 10.O-O Bd6 11.Nf3 Qc7 12.Bg5 O-O 13.Rc1 Bd7 14.Bh4 Be8 15.Re1 Bh5
16.Ng3 Bxf3 17.gxf3 Qf7 18.Be2 Bf4 19.Bxf6 Bxc1 20.Bxg7 Qxg7 21.Qxc1 Nxd4
22.Qe3 Rae8 23.Kh1 Nc2 {#R} 0-1

[Event "It (open)"]
[Site "Tibor (Czech Republic)"]
[Date "2010.08.02"]
[Round "2"]
[White "Zabloudil Frantisek (CZE)"]
[Black "Kral Ladislav (CZE)"]
[Result "1-0"]
[WhiteElo "1929"]
[BlackElo "1702"]

1.e4 e6 2.d4 d5 3.Nd2 Nf6 4.e5 Nfd7 5.Bd3 c5 6.c3 Nc6 7.Ne2 f6 8.exf6 Nxf6
9.O-O cxd4 10.cxd4 Bd6 11.Nf3 O-O 12.Bf4 Bxf4 13.Nxf4 Bd7 14.Re1 Ne4 15.Nh3
Nd6 16.Nfg5 g6 17.Nxh7 Rf7 18.N7g5 Rg7 19.Nxe6 Bxe6 20.Rxe6 {#r} 1-0

[Event "It (open) (juniors) (under 18)"]
[Site "Bento Goncalves (Brazil)"]
[Date "2010.08.05"]
[Round "6"]
[White "Paveto Kevin (ARG)"]
[Black "Gaitan Juan Manuel (ARG)"]
[Result "1-0"]
[WhiteElo "2256"]
[BlackElo "2106"]

1.e4 e6 2.d4 d5 3.Nd2 Nf6 4.e5 Nfd7 5.Bd3 c5 6.c3 Nc6 7.Ne2 cxd4 8.cxd4 f6
9.exf6 Nxf6 10.O-O Bd6 11.Nf3 Qc7 12.g3 O-O 13.Bf4 Bd7 14.Rc1 Bxf4 15.Nxf4 Qb6
16.b3 Kh8 17.Ng5 e5 18.Rxc6 Qxc6 19.dxe5 Ne4 20.Bxe4 dxe4 21.Qh5 Bf5 22.e6 Kg8
23.e7 Rf6 24.Rd1 {#r} 1-0

[Event "It (open)"]
[Site "Irvine (USA)"]
[Date "2010.08.05"]
[Round "6"]
[White "Safin A"]
[Black "Sevillano Enrico (USA)"]
[Result "0-1"]
[WhiteElo "2153"]
[BlackElo "2508"]

1.e4 e6 2.d4 d5 3.Nd2 Nf6 4.e5 Nfd7 5.Bd3 c5 6.c3 Nc6 7.Ne2 cxd4 8.cxd4 f6
9.exf6 Nxf6 10.Nf3 Bd6 11.O-O Qc7 12.Bg5 O-O 13.Bh4 g6 14.Bg3 a6 15.Rc1 Nh5
16.Bxd6 Qxd6 17.Re1 Bd7 18.Ng3 Nf4 19.Ne5 Nxe5 20.dxe5 Qb6 21.Bf1 Qxb2 22.Rb1
Qxa2 23.Rxb7 Bc6 24.Rb6 Nh3+ {#R} 0-1

[Event "Tournament (open)"]
[Site "Medellin (Colombia)"]
[Date "2010.08.05"]
[Round "2"]
[White "Morales Jhon Alexander (COL)"]
[Black "Lopez Idarraga Daniel Eduardo"]
[Result "1-0"]
[WhiteElo "2309"]
[BlackElo "1975"]

1.e4 e6 2.d4 d5 3.Nd2 Nf6 4.e5 Nfd7 5.Bd3 c5 6.c3 Nc6 7.Ne2 cxd4 8.cxd4 f6
9.exf6 Qxf6 10.Nf3 Bd6 11.O-O h6 12.Ng3 O-O 13.Bc2 Rd8 14.Re1 Nf8 15.Ne5 Bd7
16.f4 Rac8 17.Be3 Ne7 18.Nh5 Qh4 19.Bf2 {#r} 1-0

[Event "It (open)"]
[Site "Poznan (Poland)"]
[Date "2010.08.07"]
[Round "7"]
[White "Chojnacki Krzysztof (POL)"]
[Black "Gospodarczyk Roman (POL)"]
[Result "1-0"]
[WhiteElo "2431"]
[BlackElo "1974"]

1.e4 e6 2.d4 d5 3.Nd2 Nf6 4.e5 Nfd7 5.Bd3 c5 6.c3 Nc6 7.Ne2 Qb6 8.Nf3 cxd4
9.cxd4 Bb4+ 10.Kf1 f6 11.Nf4 Nd8 12.Qe2 f5 13.h4 O-O 14.Be3 Re8 15.g4 g6 16.h5
Nf8 17.hxg6 hxg6 18.gxf5 gxf5 19.Ng5 Be7 20.Qh5 Bxg5 21.Qxg5+ Ng6 22.Qxg6+ Kf8
23.Rh8+ Ke7 24.Qxe8# 1-0

[Event "It (open)"]
[Site "Geraardsbergen (Belgium)"]
[Date "2010.08.13"]
[Round "6"]
[White "Geerinckx Bernard (BEL)"]
[Black "Limbourg Philipp (GER)"]
[Result "0-1"]
[WhiteElo "1677"]
[BlackElo "2206"]

1.e4 e6 2.d4 d5 3.Nd2 Nf6 4.e5 Nfd7 5.Bd3 c5 6.c3 Nc6 7.Ne2 Qb6 8.Nf3 cxd4
9.cxd4 Be7 10.a3 a5 11.O-O f6 12.exf6 Nxf6 13.Qc2 Bd7 14.Be3 Rc8 15.Nc3 O-O
16.Rac1 Bd6 17.Qd2 Qd8 18.Ng5 e5 19.f3 exd4 20.Bxd4 Nxd4 21.Bxh7+ Nxh7 22.Nxh7
Kxh7 23.Qxd4 Bc5 {#R} 0-1

[Event "It (cat.9)"]
[Site "Borovo (Croatia)"]
[Date "2010.09.23"]
[Round "8"]
[White "Leventic Ivan (CRO)"]
[Black "Goric Esad (CRO)"]
[Result "1-0"]
[WhiteElo "2498"]
[BlackElo "2365"]

1.e4 e6 2.d4 d5 3.Nd2 Nf6 4.e5 Nfd7 5.c3 c5 6.Bd3 Nc6 7.Ne2 cxd4 8.cxd4 Nb6
9.O-O Be7 10.Nf3 O-O 11.Nf4 a5 12.Nh5 f6 13.exf6 gxf6 14.Bh6 Rf7 15.Re1 Bd7
16.Qd2 Bb4 17.Qf4 Kh8 18.Ng5 Qe7 19.Nxf7+ Qxf7 20.Bg7+ Kg8 21.Bxh7+ {#r} 1-0

[Event "Cup Governor's (open)"]
[Site "Khanty Mansyisk (Russia)"]
[Date "2010.09.24"]
[Round "8"]
[White "Denisov Ivan (RUS)"]
[Black "Akselrod Vladislav (RUS)"]
[Result "0-1"]
[WhiteElo "2267"]
[BlackElo "2427"]

1.e4 e6 2.d4 d5 3.Nd2 Nf6 4.e5 Nfd7 5.c3 c5 6.Bd3 Nc6 7.Ne2 cxd4 8.cxd4 f6
9.exf6 Nxf6 10.O-O Bd6 11.Nf3 O-O 12.g3 e5 13.dxe5 Bg4 14.Nf4 Nd4 15.Bxh7+
Nxh7 16.Qxd4 Bxf3 17.exd6 Ng5 18.h4 Rxf4 19.Qe5 Qd7 20.Qxg5 Qh3 {#R} 0-1

[Event "It (open)"]
[Site "Goch (Germany)"]
[Date "2010.10.03"]
[Round "7"]
[White "Punt Roland (NED)"]
[Black "Den Boer Lennard (NED)"]
[Result "1-0"]
[WhiteElo "2113"]
[BlackElo "1926"]

1.e4 e6 2.d4 d5 3.Nd2 Nf6 4.e5 Nfd7 5.Bd3 c5 6.c3 Nc6 7.Ne2 cxd4 8.cxd4 Qb6
9.Nf3 f6 10.exf6 Nxf6 11.O-O Bd6 12.Nc3 O-O 13.Bg5 Bd7 14.Na4 Qa5 15.Nc3 Rae8
16.Re1 a6 17.Ne5 Qc7 18.Rc1 Rc8 19.Na4 Qd8 20.Nxd7 Qxd7 21.Nb6 Bxh2+ 22.Kh1
Qc7 23.Nxc8 Rxc8 24.Bxf6 {#r} 1-0

[Event "Ch Germany (universities)"]
[Site "Augsburg (Germany)"]
[Date "2010.10.09"]
[Round "6"]
[White "Chojnacki Krzysztof (POL)"]
[Black "Siedentopf Daniel (GER)"]
[Result "0-1"]
[WhiteElo "2431"]
[BlackElo "2240"]

1.e4 e6 2.d4 d5 3.Nd2 Nf6 4.e5 Nfd7 5.Bd3 c5 6.c3 Nc6 7.Ne2 cxd4 8.cxd4 f6
9.exf6 Nxf6 10.Nf3 Bd6 11.O-O Qc7 12.Bg5 O-O 13.Bh4 Nh5 14.Qc2 h6 15.Bg6 Rxf3
16.gxf3 Bxh2+ 17.Kh1 Nf4 18.Ng3 e5 19.dxe5 Bh3 20.Rfe1 Nd4 21.Nf5 Nxc2 22.Ne7+
Kh8 23.Rac1 Nxe1 24.Rxc7 Nxf3 {#R} 0-1

[Event "Czech League 2010/11 (2nd) (c)"]
[Site "Czech Republic"]
[Date "2010.10.17"]
[Round "1"]
[White "Masek Miroslav (CZE)"]
[Black "Rydl Jiri (CZE)"]
[Result "1-0"]
[WhiteElo "2191"]
[BlackElo "1906"]

1.d4 e6 2.e4 d5 3.Nd2 Nf6 4.e5 Nfd7 5.Bd3 c5 6.c3 Nc6 7.Ne2 cxd4 8.cxd4 f6
9.exf6 Nxf6 10.O-O Bd6 11.Nf3 Qc7 12.Bg5 O-O 13.Bh4 a6 14.a3 Nh5 15.Qc2 h6
16.Bg6 Nf4 17.Nxf4 Rxf4 18.Bg3 Rxf3 19.gxf3 e5 20.dxe5 Bxe5 21.Rfe1 Qd6 22.f4
{#r} 1-0

[Event "It (open)"]
[Site "Cerdaniola del Valles (Spain)"]
[Date "2010.10.30"]
[Round "5"]
[White "Torres Morales Ferran (ESP)"]
[Black "Rojano Cano Francisco (ESP)"]
[Result "0-1"]
[WhiteElo "1731"]
[BlackElo "2136"]

1.e4 e6 2.d4 d5 3.Nd2 Nf6 4.e5 Nfd7 5.Bd3 c5 6.c3 Nc6 7.Ne2 cxd4 8.cxd4 Qb6
9.Nf3 f6 10.exf6 Nxf6 11.O-O Bd6 12.a3 O-O 13.b4 e5 14.dxe5 Nxe5 15.Nxe5 Bxe5
16.Be3 Qd8 17.Bd4 Bxh2+ 18.Kh1 Ng4 19.g3 Qg5 20.Bc5 Qh5 21.Bxf8 Bxg3+ 22.Kg2
Ne3+ {#R} 0-1

[Event "It (open)"]
[Site "Brno (Czech Republic)"]
[Date "2010.11.14"]
[Round "1"]
[White "Szablowski Pawel (POL)"]
[Black "Horyna Josef (CZE)"]
[Result "1-0"]
[WhiteElo "2278"]
[BlackElo "1924"]

1.e4 e6 2.d4 d5 3.Nd2 Nf6 4.e5 Nfd7 5.Bd3 c5 6.c3 Nc6 7.Ne2 Qb6 8.Nf3 cxd4
9.cxd4 Bb4+ 10.Bd2 f6 11.exf6 Nxf6 12.O-O O-O 13.a3 Bd6 14.Bc3 Bd7 15.Ng3 Rac8
16.Re1 Bf4 17.Bd2 Qc7 18.Rc1 Qb8 19.Ne5 Bxd2 20.Qxd2 Nxe5 21.dxe5 Rxc1 22.Qxc1
Ng4 23.Qg5 {#r} 1-0

[Event "It (open)"]
[Site "Napoli (Italy)"]
[Date "2010.11.26"]
[Round "4"]
[White "Esposito Pino (ITA)"]
[Black "Zinnai Graziano Matteo (ITA)"]
[Result "0-1"]
[WhiteElo "1877"]
[BlackElo "1787"]

1.e4 e6 2.d4 d5 3.Nd2 Nf6 4.e5 Nfd7 5.Bd3 c5 6.c3 Nc6 7.Ne2 Qb6 8.Nf3 cxd4
9.cxd4 Be7 10.O-O O-O 11.a3 f6 12.Nf4 Ndxe5 13.dxe5 fxe5 14.Nxe5 Nxe5 15.Bxh7+
Kxh7 16.Qh5+ Kg8 17.Qxe5 Bd6 18.Qg5 Rf5 19.Qg4 Bxf4 20.Bxf4 e5 21.Bh6 Qxh6
{#R} 0-1

[Event "It (open)"]
[Site "Pavlodar (Kazakhstan)"]
[Date "2010.12.04"]
[Round "5"]
[White "Bauyrzhan Arnash (KAZ)"]
[Black "Grigoriev Armen (GEO)"]
[Result "0-1"]
[WhiteElo "1899"]
[BlackElo "2294"]

1.e4 e6 2.d4 d5 3.Nd2 Nf6 4.e5 Nfd7 5.Bd3 c5 6.c3 Nc6 7.Ne2 cxd4 8.cxd4 f6
9.Nf4 Nxd4 10.Qh5+ Ke7 11.Ng6+ hxg6 12.exf6+ Nxf6 13.Qxh8 Kf7 14.O-O e5 15.Nf3
Nxf3+ 16.gxf3 Nh5 17.Qh7 e4 18.fxe4 Qh4 19.Be3 Qg4+ 20.Kh1 Qf3+ 21.Kg1 Bh3
{#R} 0-1

[Event "It (open)"]
[Site "London (England)"]
[Date "2010.12.08"]
[Round "1"]
[White "Kazmierczak Ewa (POL)"]
[Black "Cannon Richard James (ENG)"]
[Result "0-1"]
[WhiteElo "1434"]
[BlackElo "2135"]

1.e4 e6 2.d4 d5 3.Nd2 Nf6 4.e5 Nfd7 5.Bd3 c5 6.c3 Nc6 7.Ne2 cxd4 8.cxd4 f6
9.exf6 Nxf6 10.Nf3 Bd6 11.O-O O-O 12.Bf4 Bxf4 13.Nxf4 Ne4 14.Ne2 Rxf3 15.gxf3
Ng5 16.Kg2 e5 17.Re1 Bh3+ 18.Kg3 Qf6 19.f4 Nxd4 20.Qc1 Rc8 21.Nc3 Ngf3 22.Kxh3
Qh4+ 23.Kg2 Qxh2+ {#R} 0-1

[Event "It (open) \"]
[Site "Kislovodsk (Russia)"]
[Date "2010.12.12"]
[Round "2"]
[White "Rudakov Alexander"]
[Black "Voskanyan Arman (RUS)"]
[Result "1-0"]
[WhiteElo "1950"]
[BlackElo "2195"]

1.e4 e6 2.d4 d5 3.Nd2 Nf6 4.e5 Nfd7 5.Bd3 c5 6.c3 Nc6 7.Ne2 cxd4 8.cxd4 f6
9.exf6 Nxf6 10.Nf3 Bd6 11.O-O Qc7 12.Bg5 O-O 13.Bh4 Nh5 14.Qc2 Rxf3 15.Bxh7+
Kh8 16.gxf3 g5 17.Bg6 gxh4 18.Bxh5 Nxd4 19.Nxd4 Qg7+ 20.Qg6 Qxd4 21.Qh6+ Kg8
22.Kh1 Be5 23.Rg1+ Bg7 24.Rxg7+ {#r} 1-0

[Event "It (open) \"]
[Site "Schwaebisch Gmuend (Germany)"]
[Date "2011.01.02"]
[Round "2"]
[White "Pappenheim Rainer (GER)"]
[Black "Dgebuadze Alexandre (BEL)"]
[Result "0-1"]
[WhiteElo "2067"]
[BlackElo "2544"]

1.e4 e6 2.d4 d5 3.Nd2 Nf6 4.e5 Nfd7 5.Bd3 c5 6.c3 Nc6 7.Ne2 cxd4 8.cxd4 f6
9.exf6 Nxf6 10.O-O Bd6 11.Nf3 Qc7 12.Nc3 a6 13.Bg5 O-O 14.Rc1 Bd7 15.Re1 Ng4
16.h3 Bh2+ 17.Kf1 Nxf2 18.Qd2 Nxd3 19.Qxd3 Qg3 20.Bd2 Rxf3+ 21.gxf3 Rf8 22.Re3
Nb4 {#R} 0-1

[Event "It (open) \"]
[Site "Caleta (England)"]
[Date "2011.01.29"]
[Round "5"]
[White "De Lillo Michele (ITA)"]
[Black "Spence David (ENG)"]
[Result "0-1"]
[WhiteElo "1943"]
[BlackElo "2199"]

1.e4 e6 2.d4 d5 3.Nd2 Nf6 4.e5 Nfd7 5.Bd3 c5 6.c3 Nc6 7.Ndf3 cxd4 8.cxd4 f6
9.exf6 Nxf6 10.Ne2 Bd6 11.O-O Qc7 12.h3 O-O 13.Be3 a6 14.Rc1 Bd7 15.a3 Rae8
16.Qc2 Re7 17.Bg5 Be8 18.Bh4 h6 19.Rfe1 Qb6 20.Bg6 Bxg6 21.Qxg6 Qxb2 22.Ng3
Nxd4 23.Nh2 Bxg3 24.fxg3 Ne2+ {#R} 0-1

[Event "It (cat.6)"]
[Site "Kireevsk (Russia)"]
[Date "2011.02.01"]
[Round "2"]
[White "Stepanov Alexander M (RUS)"]
[Black "Domogaev Sergey (RUS)"]
[Result "0-1"]
[WhiteElo "2159"]
[BlackElo "2509"]

1.e4 e6 2.d4 d5 3.Nd2 Nf6 4.e5 Nfd7 5.c3 c5 6.Bd3 Nc6 7.Ne2 cxd4 8.cxd4 f6
9.exf6 Nxf6 10.O-O Bd6 11.Nf3 O-O 12.Bg5 Bd7 13.Re1 Qc7 14.Nc3 Ng4 15.h3 Bh2+
16.Kf1 Nxf2 17.Kxf2 Qg3+ 18.Ke3 Rxf3+ 19.Qxf3 Qxg5+ 20.Kf2 Nxd4 {#R} 0-1

[Event "Ch Department (juniors) (under 20)"]
[Site "Medellin (Colombia)"]
[Date "2011.02.26"]
[Round "4"]
[White "Blandon Diego (COL)"]
[Black "Nino Juan Camilo (COL)"]
[Result "1-0"]
[WhiteElo "2161"]
[BlackElo "2062"]

1.e4 e6 2.d4 d5 3.Nd2 Nf6 4.e5 Nfd7 5.Bd3 c5 6.c3 Nc6 7.Ne2 cxd4 8.cxd4 f6
9.exf6 Nxf6 10.O-O e5 11.dxe5 Nxe5 12.Nb3 Bd6 13.Bb5+ Bd7 14.Bxd7+ Qxd7 15.Nf4
O-O 16.Nxd5 Nfg4 17.Bf4 Rae8 18.h3 {#r} 1-0

[Event "Memorial Mateu Chalmeta (open)"]
[Site "Sant Boi (Spain)"]
[Date "2011.04.29"]
[Round "1"]
[White "Tallo Dominguez Imar (ESP)"]
[Black "Alquezar Calpena Marc (ESP)"]
[Result "1-0"]
[WhiteElo "2141"]
[BlackElo "1743"]

1.e4 e6 2.d4 d5 3.Nd2 Nf6 4.e5 Nfd7 5.Bd3 c5 6.c3 Nc6 7.Ne2 Qb6 8.Nf3 cxd4
9.cxd4 f6 10.exf6 Nxf6 11.O-O Bd6 12.Nc3 O-O 13.Bg5 Bd7 14.a3 a6 15.b4 Qc7
16.Rc1 b5 17.Bb1 Rf7 18.Qd3 g6 19.g3 Raf8 20.Bh6 Rc8 21.Ng5 Re7 22.Rfe1 Qb7
23.Nxh7 Nxh7 24.Nxd5 {#r} 1-0

[Event "It (open) \"]
[Site "Ostrava (Czech Republic)"]
[Date "2011.04.30"]
[Round "1"]
[White "Macek Kamil (CZE)"]
[Black "Mitscherling Andreas (GER)"]
[Result "0-1"]
[WhiteElo "2006"]
[BlackElo "2224"]

1.e4 e6 2.d4 d5 3.Nd2 Nf6 4.e5 Nfd7 5.Bd3 c5 6.c3 cxd4 7.cxd4 Nc6 8.Ne2 f6
9.exf6 Nxf6 10.Nf3 Bd6 11.O-O Qc7 12.Bg5 Bd7 13.Rc1 O-O 14.Qc2 Be8 15.Bxf6
gxf6 16.Ng3 Qg7 17.Qe2 Bd7 18.Bb1 Kh8 19.Qd2 Rg8 20.Rfd1 f5 21.Ne1 f4 22.Nf1
Bb4 {#R} 0-1

[Event "Ch Germany (juniors) (Internet) (under 18) (qual1)"]
[Site "Internet"]
[Date "2011.05.01"]
[Round "1"]
[White "Titgemeyer Sven (GER)"]
[Black "Walter Andreas"]
[Result "1-0"]
[WhiteElo "1997"]
[BlackElo "1605"]

1.e4 e6 2.d4 d5 3.Nd2 Nf6 4.e5 Nfd7 5.Bd3 c5 6.c3 Nc6 7.Ne2 cxd4 8.cxd4 f6
9.exf6 Nxf6 10.Nf3 Bd6 11.O-O O-O 12.Bg5 a6 13.a3 Bd7 14.Qc2 h6 15.Bh4 Rc8
16.Qd2 Qe8 17.Rac1 Qh5 18.Bg3 Be7 19.Ne5 Nxe5 20.dxe5 Nh7 21.Nf4 Ng5 22.Nxh5
{#r} 1-0

[Event "It (open) \"]
[Site "Ostrava (Czech Republic)"]
[Date "2011.05.05"]
[Round "6"]
[White "Macek Kamil (CZE)"]
[Black "Micka Jaroslav (CZE)"]
[Result "1-0"]
[WhiteElo "2006"]
[BlackElo "1835"]

1.e4 e6 2.d4 d5 3.Nd2 Nf6 4.e5 Nfd7 5.Bd3 c5 6.c3 Nc6 7.Ne2 cxd4 8.cxd4 f6
9.exf6 Nxf6 10.Nf3 Bd6 11.O-O Qc7 12.Bg5 O-O 13.Bh4 Kh8 14.Bg3 e5 15.dxe5 Nxe5
16.Nxe5 Bxe5 17.Re1 Qd6 18.Qd2 Bd7 19.f4 Ng4 20.fxe5 Qb6+ 21.Kh1 Rac8 22.h3
Nf2+ 23.Bxf2 {#r} 1-0

[Event "Ch Asia (w)"]
[Site "Mashhad (Iran)"]
[Date "2011.05.09"]
[Round "8"]
[White "Muminova Nafisa (UZB)"]
[Black "Nodirjanova Nodira (UZB)"]
[Result "1-0"]
[WhiteElo "2319"]
[BlackElo "2170"]

1.e4 e6 2.d4 d5 3.Nd2 Nf6 4.e5 Nfd7 5.Bd3 c5 6.c3 Nc6 7.Ne2 cxd4 8.cxd4 f6
9.exf6 Nxf6 10.O-O Bd6 11.Nf3 Qc7 12.Bd2 O-O 13.Rc1 Qb6 14.Bc3 Ng4 15.Ng3 Bf4
16.Rc2 Nb4 17.Bxb4 Qxb4 18.Nh5 Bh6 19.h3 Nf6 20.Nxf6+ Rxf6 21.Ne5 Bf4 22.Qh5
h6 23.Ng4 Qxd4 {#r} 1-0

[Event "Memorial V.Pavlyutin"]
[Site "Tambov (Russia)"]
[Date "2011.05.19"]
[Round "5"]
[White "Volchikhin Artyom (RUS)"]
[Black "Seryogin Peter V (RUS)"]
[Result "0-1"]
[WhiteElo "2084"]
[BlackElo "2245"]

1.e4 e6 2.d4 d5 3.Nd2 Nf6 4.e5 Nfd7 5.Bd3 c5 6.c3 Nc6 7.Ne2 cxd4 8.cxd4 f6
9.exf6 Qxf6 10.Nf3 Bb4+ 11.Bd2 Bxd2+ 12.Qxd2 O-O 13.O-O e5 14.dxe5 Ndxe5
15.Ned4 Bg4 16.Be2 Ng6 17.Rac1 Nf4 18.Nxc6 bxc6 19.Rc3 Bh3 20.Ne1 Bxg2 {#R}
0-1